| 000 | 01283cam a2200253 4500 | ||
|---|---|---|---|
| 001 | WB3942-13 | ||
| 008 | 031105n2003 000 0 eng u | ||
| 035 | _a(Sirsi) u124239 | ||
| 245 | _aScotland to pilot seller's surveys | ||
| 260 | _c2003 | ||
| 490 |
_aScottish Executive News Release _v(SEnw1024/2003) 5 November 2003 (3) |
||
| 520 | _aSeller's surveys are to be piloted in four areas in Scotland from April 2004. In the pilot, sellers will pay for a survey when their properties go on the market. The survey will provide a comprehensive guide to the property's condition, together with a valuation, whereas in the established system in Scotland, most home purchasers only pay for a valuation not a survey. The proposed single survey linked to a house sale is designed to tackle weaknesses in the house buying and selling system as identified by the Housing Improvement Task Force http://www.scotland.gov.uk/pages/news/2003/11/SEnw1024.aspx | ||
| 590 | _aWB | ||
| 650 | _aSCOTLAND | ||
| 650 | _aHOUSING IMPROVEMENT TASK FORCE | ||
| 650 | _aHOUSE SURVEYS | ||
| 650 | _aSINGLE SURVEYS | ||
| 650 | _aINVERNESS | ||
| 650 | _aEDINBURGH | ||
| 650 | _aDUNDEE | ||
| 650 | _aGLASGOW | ||
| 690 | _aPROPERTY-RESIDENTIAL PROPERTY-RESIDENTIAL PROPERTY MARKET | ||
| 942 | _n0 | ||
| 999 |
_c73746 _d73746 |
||